| 000 | 00332nam a2200133Ia 4500 | ||
|---|---|---|---|
| 003 | GCL | ||
| 008 | 140319s9999 xx 000 0 eng d | ||
| 040 |
_aGCL / _cGCL |
||
| 082 | 0 | 4 |
_a294.5922 _bR R |
| 245 | 1 | 0 | _aRAMAYAMA |
| 260 |
_a[S.N] : _bBHARATIYA VIDYA BHAVAN ، _c1985 |
||
| 300 | _a320 P | ||
| 490 |
_aBHAVAN'S BOOK UNIVERSITY _v0 |
||
| 999 |
_c19706 _d19706 |
||